Sports Quiz

Random Sports or NHL Quiz

NHL 40 Goal Seasons Since 2004 Lockout Quiz Stats

 Plays Quiz not verified by Sporcle

Support Sporcle.
Go Orange.
Score 0/89 Timer 07:00
0 Plays Today
Season Player % Correct
2013-14Alex Ovechkin
100%
2014-15Alex Ovechkin
100%
2015-16Alex Ovechkin
100%
2017-18Alex Ovechkin
100%
2016-17Sidney Crosby
100%
2017-18Evgeni Malkin
100%
2018-19Alex Ovechkin
100%
2018-19Steven Stamkos
100%
2018-19Patrick Kane
100%
2018-19Nathan MacKinnon
100%
2007-08Alex Ovechkin
99.6%
2008-09Alex Ovechkin
99.6%
2005-06Alex Ovechkin
99.6%
2009-10Alex Ovechkin
99.6%
2006-07Alex Ovechkin
99.6%
2009-10Sidney Crosby
98.4%
2010-11Steven Stamkos
97.9%
2011-12Evgeni Malkin
97.9%
2011-12Steven Stamkos
97.9%
2014-15Steven Stamkos
97%
2009-10Steven Stamkos
94.4%
2007-08Evgeni Malkin
92.8%
2007-08Jarome Iginla
92%
2015-16Patrick Kane
90.9%
2007-08Ilya Kovalchuk
90.8%
2005-06Ilya Kovalchuk
90.8%
2008-09Ilya Kovalchuk
90.8%
2006-07Ilya Kovalchuk
90.8%
2009-10Ilya Kovalchuk
90.8%
2006-07Dany Heatley
89.6%
Season Player % Correct
2005-06Dany Heatley
89.6%
2007-08Dany Heatley
89.6%
2010-11Jarome Iginla
87.5%
2018-19Leon Draisaitl
87.5%
2018-19John Tavares
87.5%
2018-19Connor McDavid
87.5%
2018-19Nikita Kucherov
87.5%
2006-07Vincent Lecavalier
87.2%
2007-08Vincent Lecavalier
87.2%
2006-07Martin St. Louis
86.8%
2010-11Corey Perry
85.4%
2013-14Corey Perry
85.4%
2005-06Jaromir Jagr
84.8%
2017-18Patrik Laine
84.2%
2017-18Connor McDavid
84.2%
2009-10Patrick Marleau
84%
2007-08Henrik Zetterberg
83.2%
2014-15Rick Nash
81.8%
2005-06Daniel Alfredsson
81.6%
2007-08Daniel Alfredsson
81.6%
2010-11Daniel Sedin
81.3%
2006-07Marian Hossa
80.8%
2008-09Marian Hossa
80.8%
2009-10Marian Gaborik
80.4%
2007-08Marian Gaborik
80.4%
2016-17Auston Matthews
78.9%
2017-18Tyler Seguin
78.9%
2016-17Nikita Kucherov
78.9%
2005-06Jonathan Cheechoo
78.8%
2005-06Eric Staal
78.8%
Season Player % Correct
2008-09Eric Staal
78.8%
2006-07Teemu Selanne
77.2%
2005-06Teemu Selanne
77.2%
2011-12Marian Gaborik
77.1%
2008-09Jeff Carter
76%
2015-16Jamie Benn
75.8%
2008-09Rick Nash
75.6%
2018-19Brayden Point
75%
2018-19Jeff Skinner
75%
2009-10Alexander Semin
74.8%
2017-18Eric Staal
73.7%
2008-09Zach Parise
72.8%
2013-14Joe Pavelski
68.8%
2011-12James Neal
66.7%
2015-16Vladimir Tarasenko
66.7%
2006-07Thomas Vanek
66.4%
2008-09Thomas Vanek
66.4%
2010-11Ryan Kesler
60.4%
2005-06Brian Gionta
58%
2005-06Simon Gagne
54.4%
2006-07Simon Gagne
54.4%
2018-19Jake Guentzel
50%
2017-18William Karlsson
47.4%
2007-08Brad Boyes
46%
2005-06Brendan Shanahan
42%
2006-07Jason Blake
38.4%
2018-19Alex DeBrincat
37.5%
2018-19Cam Atkinson
37.5%
2017-18Anders Lee
36.8%

You're not logged in!

Compare scores with friends on all Sporcle quizzes.
OR
Log In

From the Vault

Vowel-less Slogans

by WalshyMusic

Are you ready to 'tst th rnbw'?
Remove Ads.
Support Sporcle.
Get the best of Sporcle when you Go Orange. This ad-free experience offers more features, more stats, and more fun while also helping to support Sporcle. Thank you for becoming a member.

Show Comments

Extras

Top Quizzes Today


Score Distribution

Your Account Isn't Verified!

In order to create a playlist on Sporcle, you need to verify the email address you used during registration. Go to your Sporcle Settings to finish the process.

Report this User

Report this user for behavior that violates our Community Guidelines.

Details: